000 00557nam a2200169Ia 4500
008 090201s9999 xx 000 0 und d
010 _aKPL-52796
040 _bमराठी
041 _aमराठी
082 _a14780
_b52796
100 _aअनिल अवचट
245 _aउभे धागे आडवे धागे
_cअनिल अवचट
260 _c2004
_bमॅजेस्टिक प्रकाशन
300 _a156
_bमोठा
600 _aउभे धागे आडवे धागे
942 _cBOOK
999 _c214929
_d214929